Statistics for Best country in the world according to Good Country Index

Click here to take the quiz!

General Stats

  • This quiz has been taken 64 times
  • The average score is 28 of 35

Answer Stats

RankAnswer% Correct
4Canada
98%
1Sweden
98%
6Finland
96%
14Austria
94%
2Denmark
94%
24Italy
94%
26Japan
94%
10Norway
94%
17Switzerland
94%
18Australia
92%
7France
92%
15Ireland
92%
22New Zealand
92%
8United Kingdom
92%
3Germany
90%
34Iceland
90%
9Spain
90%
16Belgium
88%
5Netherlands
88%
28South Korea
87%
35Portugal
85%
13Singapore
83%
30Hungary
81%
11Luxembourg
81%
23Poland
81%
19Estonia
79%
27Czech Republic
77%
20Slovenia
77%
31Slovakia
71%
33Chile
58%
21Bulgaria
54%
29Costa Rica
48%
25Uruguay
48%
12Cyprus
35%
32North Macedonia
29%

Score Distribution

Percentile by Number Answered

Percent of People with Each Score

Your Score History

You have not taken this quiz